000 00473nam a2200181Ia 4500
001 22226
005 20260414150817.0
008 260414t2008||||xx |||||||||||||| ||spa||
041 _aESP
082 _a621.042
_bG45
100 _aGil García , Gregorio
_eAUT
245 0 _aEnergías del siglo XXI :
_bde las energías fósiles a las alternativas
260 _c2008
300 _a758 páginas :
_c23 cm.
650 _aTCA
654 _aCET
942 _cLIB
_dJUS
_fJUS
_2ddc
_n
999 _c22226
_d22226